[Event "Oberliga NRW 2223"]
[Site "Germany"]
[Date "2023.04.30"]
[Round "8.4"]
[White "Werthebach, Felix"]
[Black "Steinmetzer, Thomas"]
[Result "1-0"]
[WhiteElo "2207"]
[BlackElo "2196"]
[PlyCount "95"]
[EventDate "2022.09.11"]
[EventType "team-tourn"]
[EventRounds "9"]
[EventCountry "GER"]
[SourceTitle "EXT 2025"]
[Source "ChessBase"]
[SourceDate "2024.10.14"]
[SourceVersion "1"]
[SourceVersionDate "2024.10.14"]
[SourceQuality "1"]
[WhiteTeam "Bochum SG"]
[BlackTeam "Brackel"]
[WhiteTeamCountry "GER"]
[BlackTeamCountry "GER"]

1. c4 e6 2. g3 d5 3. Bg2 Nf6 4. Nf3 Be7 5. 0-0 0-0 6. Qc2 b6 7. cxd5 exd5 8. Nc3 Bb7 9. d4 Na6 10. Bf4 Bd6 11. Rac1 Bxf4 12. gxf4 Qe8 13. Ne5 Rd8 14. Rfd1 Nh5 15. e3 f6 16. Nd3 Kh8 17. Qe2 g6 18. b4 c6 19. a4 Nc7 20. Bf3 Ng7 21. Qa2 Nf5 22. b5 Nh4 23. Bh1 Qe6 24. Qe2 Rfe8 25. Ne1 Re7 26. Ng2 Nf5 27. bxc6 Bxc6 28. Rd2 Qd7 29. Qd1 Bb7 30. h3 Nd6 31. Qg4 Qe8 32. Kh2 Bc8 33. Qf3 Bf5 34. Nh4 Be4 35. Nxe4 dxe4 36. Qg4 Qxa4 37. Rdc2 Nd5 38. Rc6 Nb4 39. Rc7 Rdd7 40. Rc8+ Kg7 41. Ra8 Qb5 42. Rg1 f5 43. Qh5 Re6 44. Bxe4 Rf6 45. Nxg6 Rxg6 46. Rxg6+ hxg6 47. Qh8+ Kf7 48. Rf8+ 1-0

[Event "Oberliga NRW 1819"]
[Site "Germany"]
[Date "2019.02.17"]
[Round "6.7"]
[White "Suvorov, Luca"]
[Black "Werthebach, Felix"]
[Result "1-0"]
[WhiteElo "2182"]
[BlackElo "2171"]
[PlyCount "41"]
[EventDate "2018.09.16"]
[EventType "team-tourn"]
[EventRounds "9"]
[EventCountry "GER"]
[SourceTitle "EXT 2020"]
[Source "ChessBase"]
[SourceDate "2019.10.17"]
[SourceVersion "1"]
[SourceVersionDate "2019.10.17"]
[SourceQuality "1"]
[WhiteTeam "Koeln Porz"]
[BlackTeam "Bochum SG"]
[WhiteTeamCountry "GER"]
[BlackTeamCountry "GER"]

1. d4 f5 2. c4 Nf6 3. Nc3 d6 4. Nf3 g6 5. g3 Bg7 6. Bg2 0-0 7. 0-0 Qe8 8. Re1 Qf7 9. e4 fxe4 10. Nxe4 Qxc4 11. Nxf6+ exf6 12. Re7 Rf7 13. Nd2 Qb5 14. a4 Qf5 15. Qb3 Be6 16. Rxe6 Nc6 17. Qxb7 Raf8 18. Qxc6 Qxe6 19. Bd5 Qe1+ 20. Nf1 f5 21. Qc3 1-0

[Event "Oberliga NRW 1819"]
[Site "Germany"]
[Date "2019.01.13"]
[Round "5.6"]
[White "Iljin, Stanislav"]
[Black "Werthebach, Felix"]
[Result "0-1"]
[WhiteElo "2384"]
[BlackElo "2171"]
[PlyCount "94"]
[EventDate "2018.09.16"]
[EventType "team-tourn"]
[EventRounds "9"]
[EventCountry "GER"]
[SourceTitle "EXT 2020"]
[Source "ChessBase"]
[SourceDate "2019.10.17"]
[SourceVersion "1"]
[SourceVersionDate "2019.10.17"]
[SourceQuality "1"]
[WhiteTeam "Siegburg"]
[BlackTeam "Bochum SG"]
[WhiteTeamCountry "GER"]
[BlackTeamCountry "GER"]

1. e4 c5 2. d4 cxd4 3. c3 Nf6 4. e5 Nd5 5. Qxd4 e6 6. Nf3 Nc6 7. Qe4 f5 8. Qe2 Be7 9. g3 0-0 10. Bg2 d6 11. Bf4 Nxf4 12. gxf4 dxe5 13. fxe5 Qc7 14. Nbd2 b5 15. 0-0 Rb8 16. Nb3 Qb6 17. Rfd1 a6 18. Nfd4 Nxd4 19. cxd4 Bb7 20. d5 Bxd5 21. Bxd5 exd5 22. Rxd5 f4 23. Qg4 Rbd8 24. Rxd8 Rxd8 25. Rd1 Rxd1+ 26. Qxd1 Qg6+ 27. Kf1 Qe4 28. Qd4 Qh1+ 29. Ke2 Qxh2 30. Qd5+ Kf8 31. e6 g6 32. Qd4 f3+ 33. Ke3 Qh6+ 34. Kd3 Qg7 35. Qe4 Qxb2 36. Nd4 Qb1+ 37. Nc2 Qd1+ 38. Kc3 Bf6+ 39. Kb4 Qd6+ 40. Kb3 Ke7 41. Qxf3 Qxe6+ 42. Ka3 a5 43. Qb7+ Qd7 44. Qe4+ Kf7 45. Ne3 Qe7+ 46. Qxe7+ Bxe7+ 47. Kb3 Ke6 0-1

[Event "BL2-West 1617"]
[Site "Germany"]
[Date "2017.02.05"]
[Round "5.6"]
[White "Hobusch, Jan"]
[Black "Werthebach, Felix"]
[Result "0-1"]
[WhiteElo "2257"]
[BlackElo "2144"]
[PlyCount "80"]
[EventDate "2016.10.16"]
[EventType "team-tourn"]
[EventRounds "9"]
[EventCountry "GER"]
[SourceTitle "EXT 2018"]
[Source "ChessBase"]
[SourceDate "2017.10.13"]
[SourceVersion "1"]
[SourceVersionDate "2017.10.13"]
[SourceQuality "1"]
[WhiteTeam "Solingen II"]
[BlackTeam "Bochum"]
[WhiteTeamCountry "GER"]
[BlackTeamCountry "GER"]

1. d4 f5 2. Bf4 d6 3. e3 Nf6 4. Bd3 g6 5. h4 Bg7 6. h5 Nxh5 7. Rxh5 gxh5 8. Qxh5+ Kf8 9. Bxf5 Nc6 10. Bxc8 Qxc8 11. Nf3 Qe8 12. Qh3 e5 13. Bh6 Qg6 14. Bxg7+ Qxg7 15. dxe5 dxe5 16. Nc3 Rd8 17. Nd2 h5 18. 0-0-0 Qg4 19. Qh1 Rh7 20. Nce4 Rf7 21. c3 b6 22. f3 Qg6 23. Qh4 Rd3 24. g4 hxg4 25. Rg1 Rh7 26. Qf2 Qh6 27. Rxg4 Qxe3 28. Qg2 Ne7 29. Kc2 Rd8 30. Ng5 Rh6 31. Nde4 Qd3+ 32. Kb3 b5 33. a3 Qc4+ 34. Kc2 Qd3+ 35. Kb3 Qc4+ 36. Kc2 Qa4+ 37. Kb1 Qb3 38. Nd2 Qd1+ 39. Ka2 Qxd2 40. Qg3 Qd5+ 0-1

[Event "BL2-West 1617"]
[Site "Germany"]
[Date "2016.10.16"]
[Round "1.6"]
[White "Zude, Erik"]
[Black "Werthebach, Felix"]
[Result "1/2-1/2"]
[WhiteElo "2417"]
[BlackElo "2131"]
[PlyCount "129"]
[EventDate "2016.10.16"]
[EventType "team-tourn"]
[EventRounds "9"]
[EventCountry "GER"]
[SourceTitle "CBM 175 Extra"]
[Source "ChessBase"]
[SourceDate "2016.12.12"]
[SourceVersion "1"]
[SourceVersionDate "2016.12.12"]
[SourceQuality "1"]
[WhiteTeam "Hofheim"]
[BlackTeam "Bochum"]
[WhiteTeamCountry "GER"]
[BlackTeamCountry "GER"]

1. c4 f5 2. g3 Nf6 3. Bg2 g6 4. Nc3 Bg7 5. Nf3 0-0 6. 0-0 d6 7. d3 Nc6 8. Rb1 a5 9. a3 e5 10. b4 axb4 11. axb4 h6 12. b5 Nd4 13. Nxd4 exd4 14. Nd5 Nxd5 15. Bxd5+ Kh7 16. e3 dxe3 17. fxe3 Ra5 18. Bb2 Bxb2 19. Rxb2 b6 20. e4 Qf6 21. d4 Be6 22. exf5 gxf5 23. Rbf2 Qg6 24. Bxe6 Qxe6 25. Qd3 Kg7 26. d5 Qg6 27. Rxf5 Rxf5 28. Qxf5 Qxf5 29. Rxf5 Ra4 30. Rf4 Ra2 31. g4 Rc2 32. h4 Kg6 33. Kf1 Kg7 34. Ke1 Kg6 35. Kd1 Rg2 36. h5+ Kg7 37. Re4 Kf7 38. Ke1 Kf8 39. Kf1 Rc2 40. Kg1 Kf7 41. Kf1 Kf8 42. Re6 Rxc4 43. Rg6 Rd4 44. Kg2 Rxd5 45. Rxh6 Kg7 46. Re6 Kf7 47. Rh6 Kg7 48. Re6 Kf7 49. Re1 Rxb5 50. Kg3 Re5 51. Rh1 Kg7 52. Kf4 Kh6 53. Ra1 Re8 54. Ra7 Rf8+ 55. Kg3 Rf7 56. Kh4 d5 57. g5+ Kg7 58. g6 Re7 59. Kg5 Re5+ 60. Kg4 Kh6 61. Rxc7 Rg5+ 62. Kf4 Rxh5 63. g7 Kh7 64. Rb7 Kg8 65. Ke3 1/2-1/2

[Event "BL2-West 1516"]
[Site "Germany"]
[Date "2016.03.13"]
[Round "8.8"]
[White "Werthebach, Felix"]
[Black "Kniest, Oliver"]
[Result "1/2-1/2"]
[WhiteElo "2151"]
[BlackElo "2292"]
[PlyCount "50"]
[EventDate "2015.09.20"]
[EventType "team-tourn"]
[EventRounds "9"]
[EventCountry "GER"]
[SourceTitle "EXT 2017"]
[Source "ChessBase"]
[SourceDate "2016.10.25"]
[SourceVersion "1"]
[SourceVersionDate "2016.10.25"]
[SourceQuality "1"]
[WhiteTeam "Bochum"]
[BlackTeam "Solingen"]
[WhiteTeamCountry "GER"]
[BlackTeamCountry "GER"]

1. c4 c5 2. g3 g6 3. Bg2 Bg7 4. Nc3 Nc6 5. a3 d6 6. Rb1 a5 7. Nf3 e5 8. 0-0 Nge7 9. Ne1 Be6 10. d3 0-0 11. Nc2 d5 12. cxd5 Nxd5 13. Ne3 Nde7 14. Ne4 b6 15. Nc4 h6 16. Bd2 Rb8 17. a4 f5 18. Nc3 g5 19. Nb5 e4 20. Bc3 Nb4 21. Bxg7 Kxg7 22. Ne5 exd3 23. exd3 Bd5 24. Bxd5 Qxd5 25. Re1 Rb7 1/2-1/2

[Event "NRW Class2 1516"]
[Site "Germany"]
[Date "2016.01.10"]
[Round "5.7"]
[White "Werthebach, Felix"]
[Black "Hachmeister, Dirk"]
[Result "1/2-1/2"]
[WhiteElo "2140"]
[BlackElo "2154"]
[PlyCount "121"]
[EventDate "2015.09.27"]
[EventType "team-tourn"]
[EventRounds "9"]
[EventCountry "GER"]
[SourceTitle "EXT 2017"]
[Source "ChessBase"]
[SourceDate "2016.10.25"]
[SourceVersion "1"]
[SourceVersionDate "2016.10.25"]
[SourceQuality "1"]
[WhiteTeam "Bochum II"]
[BlackTeam "Neuenkirchen"]
[WhiteTeamCountry "GER"]
[BlackTeamCountry "GER"]

1. c4 Nf6 2. g3 c5 3. Bg2 e6 4. Nc3 a6 5. e4 d6 6. Nge2 Qc7 7. 0-0 Nbd7 8. b3 Rb8 9. a4 b6 10. d4 cxd4 11. Nxd4 Bb7 12. Bb2 Be7 13. h3 0-0 14. Kh2 Rfe8 15. Rc1 Rbc8 16. Re1 Qb8 17. f4 Nf8 18. Qe2 N6d7 19. Rcd1 Nc5 20. e5 dxe5 21. fxe5 Red8 22. Ne4 Nxe4 23. Bxe4 Rd7 24. Qf3 Bxe4 25. Qxe4 Qc7 26. Rd3 Ng6 27. h4 Bb4 28. Re2 h5 29. Nxe6 fxe6 30. Qxg6 Rxd3 31. Qxd3 Rf8 32. Bd4 Bc5 33. Bxc5 Qxc5 34. Qe3 Qc6 35. Rf2 Rxf2+ 36. Qxf2 Qe4 37. Qxb6 Qe2+ 38. Kg1 Qe1+ 39. Kg2 Qxe5 40. Qd8+ Kf7 41. Qd7+ Kg8 42. Qd3 a5 43. Qf3 Qb2+ 44. Kh3 Qe5 45. g4 hxg4+ 46. Kxg4 Kh7 47. Qd3+ Kg8 48. h5 Qe1 49. Kf4 Qh4+ 50. Ke5 Qf6+ 51. Ke4 Qf5+ 52. Kd4 Qxh5 53. Qe4 Qd1+ 54. Kc5 Qxb3 55. Qxe6+ Kh7 56. Kd6 Qb6+ 57. Kd5 Qb7+ 58. Ke5 Qb2+ 59. Kf5 Qc2+ 60. Qe4 g6+ 61. Ke5 1/2-1/2

[Event "NRW Class2 1415"]
[Site "Germany"]
[Date "2015.03.01"]
[Round "7.6"]
[White "Heuermann, Heinz Burkhard"]
[Black "Werthebach, Felix"]
[Result "1/2-1/2"]
[WhiteElo "1951"]
[BlackElo "2147"]
[PlyCount "94"]
[EventDate "2014.09.14"]
[EventType "team-tourn"]
[EventRounds "9"]
[EventCountry "GER"]
[SourceTitle "EXT 2017"]
[Source "ChessBase"]
[SourceDate "2016.10.25"]
[SourceVersion "1"]
[SourceVersionDate "2016.10.25"]
[SourceQuality "1"]
[WhiteTeam "Herford Koenigsspringer"]
[BlackTeam "Bochum SG II"]
[WhiteTeamCountry "GER"]
[BlackTeamCountry "GER"]

1. Nf3 f5 2. e4 fxe4 3. Ng5 Nf6 4. d3 e3 5. Bxe3 e6 6. d4 Be7 7. Bd3 0-0 8. h4 Nc6 9. c3 d5 10. Qc2 h6 11. Nh7 Nxh7 12. Bxh7+ Kh8 13. Bd3 e5 14. Qe2 Bf6 15. Qh5 e4 16. Be2 Be6 17. Nd2 Ne7 18. 0-0-0 Qd7 19. Rdg1 Kh7 20. Bd1 Nf5 21. Qe2 Nxe3 22. Qxe3 c5 23. g4 cxd4 24. cxd4 Rac8+ 25. Kb1 Qc7 26. Nb3 Be7 27. f3 Qf4 28. Re1 Bb4 29. Qxf4 Rxf4 30. Re3 a5 31. a3 Bd6 32. Nxa5 b6 33. Nb3 Bd7 34. Bc2 Bb5 35. Nd2 Kh8 36. fxe4 Rf2 37. Bd3 Bf4 38. Rhe1 Rxd2 39. Bxb5 Bxe3 40. Rxe3 dxe4 41. Rxe4 Rd8 42. Re6 R8xd4 43. Rxb6 Rxg4 44. Rb8+ Kh7 45. h5 Rg1+ 46. Ka2 g6 47. Rb7+ Kh8 1/2-1/2

[Event "NRW Class1 1314"]
[Site "Germany"]
[Date "2014.04.06"]
[Round "8.7"]
[White "Kramps, Rene"]
[Black "Werthebach, Felix"]
[Result "0-1"]
[WhiteElo "2068"]
[BlackElo "2134"]
[PlyCount "50"]
[EventDate "2013.09.15"]
[EventType "team-tourn"]
[EventRounds "9"]
[EventCountry "GER"]
[SourceTitle "EXT 2015"]
[Source "ChessBase"]
[SourceDate "2014.11.20"]
[SourceVersion "1"]
[SourceVersionDate "2014.11.20"]
[SourceQuality "1"]
[WhiteTeam "Iserlohn Koenigsspringer"]
[BlackTeam "Bochum II"]
[WhiteTeamCountry "GER"]
[BlackTeamCountry "GER"]

1. e4 c5 2. Nf3 e6 3. d3 Nc6 4. g3 g6 5. Nbd2 Bg7 6. Bg2 Nge7 7. 0-0 0-0 8. Nh4 d6 9. f4 f5 10. Nhf3 h6 11. h3 e5 12. Nc4 Be6 13. Ne3 exf4 14. exf5 fxe3 15. fxe6 Nf5 16. Re1 Ncd4 17. Bxe3 Nxf3+ 18. Bxf3 Nxe3 19. Rxe3 Bd4 20. Qe2 Qg5 21. Re1 Qxg3+ 22. Bg2 Rf3 23. Qxf3 Qxe1+ 24. Kh2 Qxe3 25. Qf7+ Kh8 0-1

[Event "NRW Class1 1213"]
[Site "Germany"]
[Date "2013.02.17"]
[Round "6.6"]
[White "Walter, Andreas"]
[Black "Werthebach, Felix"]
[Result "1/2-1/2"]
[WhiteElo "1998"]
[BlackElo "2145"]
[PlyCount "89"]
[EventDate "2012.09.16"]
[EventType "team-tourn"]
[EventRounds "9"]
[EventCountry "GER"]
[SourceTitle "EXT 2017"]
[Source "ChessBase"]
[SourceDate "2016.10.25"]
[SourceVersion "1"]
[SourceVersionDate "2016.10.25"]
[SourceQuality "1"]
[WhiteTeam "Dinslaken"]
[BlackTeam "Bochum II"]
[WhiteTeamCountry "GER"]
[BlackTeamCountry "GER"]

1. d4 f5 2. Bg5 g6 3. Nc3 Bg7 4. h4 h6 5. Bf4 Nf6 6. e3 e6 7. Qf3 d6 8. 0-0-0 0-0 9. Bh2 Qe8 10. Bc4 Ng4 11. Bg3 d5 12. Bf1 c6 13. Qe2 e5 14. f3 exd4 15. exd4 Qxe2 16. Ngxe2 Ne3 17. Rd3 Re8 18. Bf4 Nxf1 19. Rxf1 b6 20. Kd2 Ba6 21. Re3 Nd7 22. Re1 Rxe3 23. Bxe3 Re8 24. Ng3 h5 25. Bf2 Rxe1 26. Kxe1 Kf7 27. Nge2 Nf8 28. Nf4 Ne6 29. Nxe6 Kxe6 30. Be3 Bf8 31. Nd1 Bd6 32. f4 c5 33. g3 Be7 34. Kd2 Kd6 35. Nf2 Bf1 36. Ke1 Bb5 37. Nh3 Bf6 38. c3 a5 39. Ng1 Bc4 40. a3 Bb5 41. Nf3 Be8 42. Kd2 Kc6 43. Kc2 Be7 44. Ne5+ Kb5 45. Bf2 1/2-1/2

[Event "NRW Class1 1213"]
[Site "Germany"]
[Date "2012.11.18"]
[Round "3.6"]
[White "Werthebach, Felix"]
[Black "Huette, Stefan"]
[Result "1/2-1/2"]
[WhiteElo "2145"]
[BlackElo "2013"]
[PlyCount "48"]
[EventDate "2012.09.16"]
[EventType "team-tourn"]
[EventRounds "9"]
[EventCountry "GER"]
[SourceTitle "EXT 2017"]
[Source "ChessBase"]
[SourceDate "2016.10.25"]
[SourceVersion "1"]
[SourceVersionDate "2016.10.25"]
[SourceQuality "1"]
[WhiteTeam "Bochum II"]
[BlackTeam "Hattingen"]
[WhiteTeamCountry "GER"]
[BlackTeamCountry "GER"]

1. c4 e5 2. Nc3 Nc6 3. g3 Nf6 4. Bg2 Bc5 5. a3 a5 6. e3 h6 7. Nge2 d6 8. 0-0 0-0 9. h3 Bf5 10. b3 Qd7 11. Kh2 Bd3 12. Bb2 Qf5 13. Rc1 Qh5 14. f3 Qg6 15. Rg1 Rae8 16. g4 h5 17. Ng3 hxg4 18. fxg4 e4 19. Nce2 Ne5 20. Bxe5 dxe5 21. Ra1 Qxg4 22. hxg4 Nxg4+ 23. Kh1 Nf2+ 24. Kh2 Ng4+ 1/2-1/2

[Event "Oberliga NRW 1112"]
[Site "Germany"]
[Date "2012.01.08"]
[Round "5.5"]
[White "Werthebach, Felix"]
[Black "Franke, Johannes"]
[Result "1/2-1/2"]
[WhiteElo "2145"]
[BlackElo "2301"]
[PlyCount "32"]
[EventDate "2011.09.18"]
[EventType "team-tourn"]
[EventRounds "9"]
[EventCountry "GER"]
[SourceTitle "EXT 2015"]
[Source "ChessBase"]
[SourceDate "2014.11.20"]
[SourceVersion "1"]
[SourceVersionDate "2014.11.20"]
[SourceQuality "1"]
[WhiteTeam "Bochum SG II"]
[BlackTeam "Wattenscheid II"]
[WhiteTeamCountry "GER"]
[BlackTeamCountry "GER"]

1. c4 Nf6 2. g3 g6 3. Bg2 Bg7 4. Nc3 0-0 5. e4 e5 6. Nge2 d6 7. 0-0 Be6 8. d3 c6 9. h3 Qd7 10. Kh2 d5 11. exd5 cxd5 12. Qb3 e4 13. Nf4 dxc4 14. dxc4 Nc6 15. Rd1 Nd4 16. Nxe6 fxe6 1/2-1/2

[Event "Oberliga NRW 1112"]
[Site "Germany"]
[Date "2011.12.04"]
[Round "4.6"]
[White "Werthebach, Felix"]
[Black "Montignies, Rainer"]
[Result "0-1"]
[WhiteElo "2145"]
[BlackElo "2251"]
[PlyCount "94"]
[EventDate "2011.09.18"]
[EventType "team-tourn"]
[EventRounds "9"]
[EventCountry "GER"]
[SourceTitle "EXT 2015"]
[Source "ChessBase"]
[SourceDate "2014.11.20"]
[SourceVersion "1"]
[SourceVersionDate "2014.11.20"]
[SourceQuality "1"]
[WhiteTeam "Bochum SG II"]
[BlackTeam "Duisburg PSV"]
[WhiteTeamCountry "GER"]
[BlackTeamCountry "GER"]

1. c4 c5 2. Nc3 Nc6 3. g3 g6 4. Bg2 Bg7 5. d3 d6 6. e4 e6 7. Nge2 Nge7 8. 0-0 0-0 9. Be3 Nd4 10. a3 Bd7 11. Rb1 Bc6 12. b4 b6 13. Qd2 Qd7 14. f4 Rad8 15. Bf2 f5 16. Nxd4 cxd4 17. Ne2 e5 18. a4 fxe4 19. dxe4 Rc8 20. Nc1 Qe6 21. Nd3 Qxc4 22. Rbc1 Qe6 23. b5 Bd7 24. Qb4 Rxc1 25. Rxc1 Rc8 26. Bf1 Kh8 27. Qb2 Ng8 28. Rxc8 Bxc8 29. Nb4 Nf6 30. Qc2 Bb7 31. Nc6 exf4 32. Bxd4 fxg3 33. hxg3 Qxe4 34. Bd3 Qf3 35. Qc3 Qxg3+ 36. Kf1 Nh5 37. Bxg7+ Nxg7 38. Ke2 Qg4+ 39. Kd2 Qf4+ 40. Ke2 Bc8 41. Bc4 Bg4+ 42. Kd3 Bf5+ 43. Ke2 h5 44. Nxa7 Qe4+ 45. Kd2 d5 46. Bd3 Qf4+ 47. Ke2 Bg4+ 0-1

[Event "BL2-West 1011"]
[Site "Germany"]
[Date "2011.01.16"]
[Round "5.8"]
[White "Nazarenus, Moritz"]
[Black "Werthebach, Felix"]
[Result "1-0"]
[WhiteElo "2238"]
[BlackElo "2161"]
[PlyCount "71"]
[EventDate "2010.10.10"]
[EventType "team-tourn"]
[EventRounds "9"]
[EventCountry "GER"]
[SourceTitle "EXT 2012"]
[Source "ChessBase"]
[SourceDate "2011.11.24"]
[SourceVersion "1"]
[SourceVersionDate "2011.11.24"]
[SourceQuality "1"]
[WhiteTeam "Schoeneck"]
[BlackTeam "Bochum 31"]
[WhiteTeamCountry "GER"]
[BlackTeamCountry "GER"]

1. d4 f5 2. g3 Nf6 3. Bg2 g6 4. Nf3 Bg7 5. 0-0 0-0 6. b3 d6 7. Bb2 Na6 8. Nbd2 c5 9. c3 Rb8 10. Qc2 Qc7 11. Rad1 b5 12. c4 Bd7 13. Rfe1 cxd4 14. Nxd4 e5 15. N4f3 Rfc8 16. Qb1 Qb6 17. Rc1 Nc5 18. Red1 Nce4 19. Nxe4 Nxe4 20. e3 bxc4 21. Nxe5 dxe5 22. Rxd7 Nf6 23. Rd2 e4 24. Rdc2 Qe6 25. Rxc4 Rxc4 26. Rxc4 Ng4 27. Bf1 Ne5 28. Qc2 Rd8 29. Rc7 Qd6 30. Kg2 h5 31. Qc3 Re8 32. Be2 h4 33. Rxa7 Re7 34. Qd4 Qe6 35. Qd8+ Re8 36. Qxh4 1-0

[Event "NRW Class2 0910"]
[Site "Germany"]
[Date "2010.01.10"]
[Round "5.4"]
[White "Werthebach, Felix"]
[Black "Loemker, Michael"]
[Result "1/2-1/2"]
[WhiteElo "2167"]
[BlackElo "2168"]
[PlyCount "95"]
[EventDate "2009.09.20"]
[EventType "team-tourn"]
[EventRounds "9"]
[EventCountry "GER"]
[SourceTitle "EXT 2011"]
[Source "ChessBase"]
[SourceDate "2010.11.26"]
[SourceVersion "1"]
[SourceVersionDate "2010.11.26"]
[SourceQuality "1"]
[WhiteTeam "Bochum SG II"]
[BlackTeam "Herford"]
[WhiteTeamCountry "GER"]
[BlackTeamCountry "GER"]

1. c4 g6 2. g3 Bg7 3. Bg2 e5 4. Nc3 Nc6 5. e4 d6 6. Nge2 f5 7. d3 Nf6 8. Nd5 0-0 9. Bg5 Ne7 10. Qd2 Nexd5 11. cxd5 Bd7 12. 0-0 c5 13. dxc6 Bxc6 14. exf5 Bxg2 15. Kxg2 gxf5 16. Qb4 Qd7 17. Rac1 Rac8 18. Bxf6 Bxf6 19. f4 Kh8 20. Qb3 Rc5 21. Rxc5 dxc5 22. fxe5 Bxe5 23. Nf4 b6 24. Rf2 Rd8 25. Qd1 c4 26. Qe1 Bxf4 27. Rxf4 Qd5+ 28. Kh3 cxd3 29. Qc3+ Kg8 30. Qf6 Rf8 31. Rd4 Qxa2 32. Qg5+ Kh8 33. Rd7 Qg8 34. Qf4 Qg6 35. Qd4+ Qf6 36. Qxd3 Qxb2 37. Rxa7 Qf6 38. Qd7 Qg6 39. Qd4+ Kg8 40. Qd5+ Kh8 41. Qd4+ Qf6 42. Qxf6+ Rxf6 43. Rb7 Rc6 44. Kh4 Rg6 45. Kh5 Kg8 46. Rb8+ Kf7 47. Rb7+ Kg8 48. Rb8+ 1/2-1/2